Postavenie bánk na trhu platobných služieb diplomová práca

Enregistré dans:
Détails bibliographiques
Auteur principal: Strelková, Simona
Collectivité auteur: Podnikovohospodárska fakulta EU so sídlom v Košiciach. Katedra obchodného podnikania
Autres auteurs: Bobenič Hintošová, Aneta, 1979-
Format: Livre
Langue:slovaque
Publié: Košice 2025
Tags: Ajouter un tag
Pas de tags, Soyez le premier à ajouter un tag!

MARC

LEADER 00000nbm a2200000 4500
001 0309022
005 20251118132307.3
041 0 |a slo 
044 |a SK 
245 1 0 |a Postavenie bánk na trhu platobných služieb  |b diplomová práca  |c Simona Strelková ; školiteľ: Aneta Bobenič Hintošová 
264 1 |a Košice  |c 2025 
300 |a 78 s. 
100 1 |a Strelková, Simona 
700 1 |a Bobenič Hintošová, Aneta, 1979- 
710 2 |a Podnikovohospodárska fakulta EU so sídlom v Košiciach. Katedra obchodného podnikania